000 01299nam a2200349 i 4500
001 87940
003 FINmELB
005 20241217171613.0
006 m o u
007 cr cn|||||||||
008 220820s2020 sp o 001 0 spa d
020 _a9788491817772
_q(digital)
020 _z9788491817680
_q(impreso)
035 _a(OCoLC)1342051378
040 _aFINmELB
_bspa
_erda
_cFINmELB
050 4 _aPS3545.H16
_bW437 2020
080 _a821.111(73)-31"18"
082 0 4 _a813.52
_223
100 1 _aWharton, Edith,
_eautor.
245 1 3 _aLa edad de la inocencia /
_cEdith Wharton ; traducción de Carmen Criado.
264 1 _aMadrid :
_bAlianza editorial,
_c2020.
300 _a1 recurso en línea (397 páginas)
336 _atexto
_btxt
_2rdacontent/spa
337 _acomputadora
_bc
_2rdamedia/spa
338 _arecurso en línea
_bcr
_2rdacarrier/spa
588 _aDescripción basada en metadatos suministrados por el editor y otras fuentes.
590 _aRecurso electrónico. Santa Fe, Arg.: elibro, 2022. Disponible vía World Wide Web. El acceso puede estar limitado para las bibliotecas afiliadas a elibro.
650 4 _aNovela.
655 4 _aLibros electrónicos.
797 2 _aelibro, Corp.
856 4 0 _uhttps://elibro.net/ereader/politecnicointernacional/216572
999 _c87940
_d87940